| 000 | 01448 a2200181 4500 | ||
|---|---|---|---|
| 003 | Nust | ||
| 005 | 20221221084023.0 | ||
| 020 | _a020504574x | ||
| 040 | _cNust | ||
| 082 | _a320.973,GRA | ||
| 100 |
_aGrant R. Daniel _9105426 |
||
| 245 |
_aState and Local Government in America _bGovernment in America / _cDaniel R. Grant & H. C. Nixon |
||
| 250 | _a3rd ed | ||
| 300 | _axiii,559 p; | ||
| 505 | _aState and Local Government in American Society (Page-1), The States in the Federal Systems (Page-27), Cities in the Federal Systems (Page-58), Liberty Under Law : The Police Power (Page-84), State Constitutions (Page-107), Voters and Voting (Page-139), Parties Nomination and Elections (Page-155), Political Interest Group and Public Opinion (Page-184), The State Legislature General Features (Page-205), State Legislation Process an problems (Page-230), The Governorship (Page-272), The Governor and Administration (Page-289) Problems of Organization and Personnel (Page-307), Finance (Page-330), The Judiciary (Page-355), Local Government The County (Page-375), Local Government The City (Page-391), Local Government: Metroplitiics (Page-418), Law Enforcement Protective and Corrective Activities (Page-456), Public Policy towards Private Enterprise (Page-476), Highways Public Improvements and Natural Resources (Page-491), Education, Health and Welfare (Page-511). | ||
| 650 |
_aLocal Government _925612 |
||
| 942 |
_2ddc _cBK _k320.973,GRA |
||
| 999 |
_c196806 _d196806 |
||